Lord Palmerston / (Record no. 24830)
[ view plain ]
| 000 -LEADER | |
|---|---|
| fixed length control field | 00991cam a2200277 a 4500 |
| 001 - CONTROL NUMBER | |
| control field | 24830 |
| 003 - CONTROL NUMBER IDENTIFIER | |
| rucl marc code | BD-RjUL |
| 005 - DATE AND TIME OF LATEST TRANSACTION | |
| control field | 20211209001113.0 |
| 008 - FIXED-LENGTH DATA ELEMENTS--GENERAL INFORMATION | |
| fixed length control field | 140315t1966 enkafc b 001 0 eng d |
| 035 ## - SYSTEM CONTROL NUMBER | |
| System control number | (BD-RjUL)24899 |
| 040 ## - CATALOGING SOURCE | |
| Original cataloging agency | CIN |
| Modifying agency | EUX |
| -- | BD-RjUL |
| Language of cataloging | eng |
| Transcribing agency | BD-RjUL |
| 041 ## - LANGUAGE CODE | |
| Language code of text/sound track or separate title | eng |
| 082 04 - DEWEY DECIMAL CLASSIFICATION NUMBER | |
| Classification number | 923.242 |
| Author mark and year | BEL 1966 |
| 100 1# - MAIN ENTRY--PERSONAL NAME | |
| Personal name | Bell, Herbert C. F. |
| Fuller form of name | (Herbert Clifford Francis), |
| Dates associated with a name | 1881-1966 |
| 9 (RLIN) | 76437 |
| 245 10 - TITLE STATEMENT | |
| Title | Lord Palmerston / |
| Statement of responsibility, etc. | Herbert C. F. Bell. |
| Number of part/section of a work | Volume-2 |
| 260 ## - PUBLICATION, DISTRIBUTION, ETC. (IMPRINT) | |
| Place of publication, distribution, etc. | London : |
| Name of publisher, distributor, etc. | Frank Cass and com., |
| Date of publication, distribution, etc. | 1966. |
| 300 ## - PHYSICAL DESCRIPTION | |
| Pagination | V-2 (xi, 499) : |
| Illustrations | ill. ; |
| Size | 22 cm. |
| 504 ## - BIBLIOGRAPHY, ETC. NOTE | |
| Bibliography, etc | Includes bibliographical references and index. |
| 600 10 - SUBJECT ADDED ENTRY--PERSONAL NAME | |
| Personal name | Palmerston, Henry John Temple, |
| Titles and other words associated with a name | Viscount, |
| Dates associated with a name | 1784-1865. |
| 651 #0 - SUBJECT ADDED ENTRY--GEOGRAPHIC NAME | |
| Geographic name | Europe |
| General subdivision | Politics and government |
| Chronological subdivision | 1815-1871. |
| 9 (RLIN) | 76438 |
| Geographic name | Great Britain |
| General subdivision | Foreign relations |
| Chronological subdivision | 19th century. |
| 9 (RLIN) | 76439 |
| Geographic name | Great Britain |
| General subdivision | Politics and government |
| Chronological subdivision | 19th century. |
| 9 (RLIN) | 3066 |
| 942 ## - ADDED ENTRY ELEMENTS (KOHA) | |
| Source of classification or shelving scheme | Dewey Decimal Classification |
| Koha item type | Books |
| Lost status | Source of classification or shelving scheme | Damaged status | Not for loan | Collection code | Permanent Location | Current Location | Shelving location | Date acquired | Source of acquisition | Cost, normal purchase price | Total Checkouts | Full call number | Date last seen | Copy number | Koha item type |
|---|---|---|---|---|---|---|---|---|---|---|---|---|---|---|---|
| Dewey Decimal Classification | Added to bundle | Non-fiction | Central Library, University of Rajshahi | Central Library, University of Rajshahi | Reading Room | 09/07/1968 | Sweets & Zeitlinger | 147.00 | 923.242 BEL V-2 1966 | 15/03/2014 | C-1 | Books |